000 01021cam a2200325 4500
001 WB3542-29
008 000000n1999 000 0 eng u
035 _a(Sirsi) u101023
245 _aPlanning Scotland's future
260 _c1999
490 _aHerald
_v26 October 1999, supplement (15) (LOAN)
520 _aA supplement dealing with planning in Scotland. Looks at issues such as lack of available land for new housing, delays in processing planning applications, prices of organic land and Scottish land reform.
590 _aWB
650 _aSCOTLAND
650 _aPLANNING SYSTEM
650 _aNEW HOMES
650 _aDELAYS
650 _aSCOTTISH HOMES
650 _aFARMLAND VALUES
650 _aORGANIC FARMING
650 _aPUBLIC PRIVATE PARTNERSHIPS
650 _aLANARKSHIRE
650 _aURBAN REGENERATION
650 _aINDUSTRIAL PROPERTY
650 _aLAND REFORM
650 _aBROWNFIELD SITES
650 _aTRANSPORT
690 _aPLANNING LAW AND PRACTICE
942 _n0
999 _c60283
_d60283